00343 a2200109 4500001001000000005001700010008004100027245006500068100002000133773006300153999001700216ART_1148020260410161858.0260409a 10aApertura, Integración y Pymes Metalmecánica en Córdoba1 aMotta, Jorge J.0 tRevista de Economíag- Nº 70 (jul./sep. 1993)wREV11077 c25615d25615